000
00276nam a22001217a 4500
008
171012b xxu||||| |||| 00| 0 eng d
041
_a
eng
080
_2
7TH
_a
159.9
100
_a
50
101
_a
SOC
245
_a
PSYCHOLOGY APPLIED TO WORK
_c
MUCHINSKY,P,M
942
_2
udc
_c
BK
999
_c
33543
_d
33543